Essentials of engineering economics (Record no. 5258)

000 -LEADER
fixed length control field 00549nam a2200205 a 4500
001 - CONTROL NUMBER
control field 5258
003 - CONTROL NUMBER IDENTIFIER
control field BD-DhUET
008 - FIXED-LENGTH DATA ELEMENTS--GENERAL INFORMATION
fixed length control field 810512s1982 nyua b 001 0 eng
020 ## - INTERNATIONAL STANDARD BOOK NUMBER
International Standard Book Number 0070528640
040 ## - CATALOGING SOURCE
Original cataloging agency DLC
Transcribing agency DLC
Modifying agency BD-DhUET
082 ## - DEWEY DECIMAL CLASSIFICATION NUMBER
Classification number 658.15
Item number RIG/1982
100 1# - MAIN ENTRY--PERSONAL NAME
Personal name Riggs, James L.
245 10 - TITLE STATEMENT
Title Essentials of engineering economics
Statement of responsibility, etc. by James L. Riggs
250 ## - EDITION STATEMENT
Edition statement 1st ed.
260 ## - PUBLICATION, DISTRIBUTION, ETC. (IMPRINT)
Place of publication, distribution, etc. New York
Name of publisher, distributor, etc. McGraw-Hill
Date of publication, distribution, etc. 1982
300 ## - PHYSICAL DESCRIPTION
Extent xv,557p.
Other physical details ill.
Dimensions 24 cm.
504 ## - BIBLIOGRAPHY, ETC. NOTE
Bibliography, etc Includes bibliographies
650 #0 - SUBJECT ADDED ENTRY--TOPICAL TERM
Topical term or geographic name as entry element Engineering economy
942 ## - ADDED ENTRY ELEMENTS (KOHA)
Koha item type General Book
Holdings
Location (home branch) Withdrawn status Koha normalized classification for sorting Sublocation or collection (holding branch) Shelving location Piece designation (barcode) Lost status Price effective from Source of classification or shelving scheme Not for loan Date acquired Koha date last seen Koha full call number Copy number Koha item type Damaged status
Central Library, BUET 658_000000000000000_15RIG1982Central Library, BUETCirculation section70150 2014-11-25  2014-11-252014-11-25658.15/RIG/19821General Book 
Central Library, BUET 658_000000000000000_15RIG1982Central Library, BUETCirculation section70559 2014-11-25  2014-11-252014-11-25658.15/RIG/19822General Book 
Central Library, BUET 658_000000000000000_15RIG1982Central Library, BUETCirculation section70560 2014-11-25  2014-11-252014-11-25658.15/RIG/19823General Book 
Central Library, BUET 658_000000000000000_15RIG1982Central Library, BUETCirculation section70561 2014-11-25  2014-11-252014-11-25658.15/RIG/19824General Book 
Central Library, BUET 658_000000000000000_15RIG1982Central Library, BUETCirculation section70562 2014-11-25  2014-11-252014-11-25658.15/RIG/19825General Book 
Central Library, BUET 658_000000000000000_15RIG1982Central Library, BUETCirculation section70563 2014-11-25  2014-11-252014-11-25658.15/RIG/19826General Book